LEADER 00950cam0-22003251i-450- 001 990006065450403321 005 19980601 035 $a000606545 035 $aFED01000606545 035 $a(Aleph)000606545FED01 035 $a000606545 100 $a19980601d1959----km-y0itay50------ba 101 0 $ager 102 $aDE 105 $ay-------001yy 200 1 $aSchule und Staat$fWilhelm Geiger, Adolf Arndt, Franz Pöggeler 210 $aMünchen$cKarl Zink$d1959 215 $a143 p.$d24 cm 225 1 $aStudien und Berichte der katholischen Akademie in Bayern$fherausgegeben von Karl Foster$v9 676 $a379$v20$zita 700 1$aGeiger,$bWilhelm$0193981 701 1$aArndt,$bAdolf$0405430 701 1$aPöggeler,$bFranz$0405431 801 0$aIT$bUNINA$gRICA$2UNIMARC 901 $aBK 912 $a990006065450403321 952 $aIII M 54 (9)$b75067$fFGBC 959 $aFGBC 996 $aSchule und Staat$9576369 997 $aUNINA LEADER 01447oam 2200457zu 450 001 9910146790303321 005 20241212215321.0 010 $a9781509098590 010 $a1509098593 035 $a(CKB)1000000000022656 035 $a(SSID)ssj0000454428 035 $a(PQKBManifestationID)12147481 035 $a(PQKBTitleCode)TC0000454428 035 $a(PQKBWorkID)10397230 035 $a(PQKB)11726158 035 $a(NjHacI)991000000000022656 035 $a(EXLCZ)991000000000022656 100 $a20160829d2005 uy 101 0 $aeng 135 $aur||||||||||| 181 $ctxt 182 $cc 183 $acr 200 00$a2005 IEEE Vehicular Technology Conference 210 31$a[Place of publication not identified]$cI E E E$d2005 215 $a1 online resource (4 volumes) $cillustrations 300 $aBibliographic Level Mode of Issuance: Monograph 311 08$a9780780391529 311 08$a0780391527 606 $aArtificial satellites in telecommunication$vCongresses 606 $aElectronics in transportation$vCongresses 606 $aMobile communication systems$vCongresses 615 0$aArtificial satellites in telecommunication 615 0$aElectronics in transportation 615 0$aMobile communication systems 676 $a621.3825 801 0$bPQKB 906 $aPROCEEDING 912 $a9910146790303321 996 $a2005 IEEE Vehicular Technology Conference$92541611 997 $aUNINA